000
00345nam a2200121Ia 4500
008
231129s9999||||xx |||||||||||||| ||spa||
020
_a
958-02-0682-1
040
_b
spa
082
_a
R 796.03 E56r
245
0
_a
Enciclopedia ilustrada del deporte : Reglas de juego
264
_a
Voluntad
942
_2
ddc
_c
BKS
999
_c
12992
_d
12992